ABC quiz - Statistics

General Stats
  • This quiz has been taken 1,956 times
  • The average score is 24 of 27
Answer Stats
Hint Answer % Correct
a a
97%
a a
97%
b b
93%
c c
92%
d d
92%
e e
92%
f f
90%
g g
89%
h h
88%
i i
87%
w w
87%
j j
86%
q q
86%
n n
85%
o o
85%
r r
85%
t t
85%
k k
84%
l l
84%
p p
84%
s s
84%
u u
84%
y y
84%
z z
84%
m m
83%
v v
82%
x x
82%
No matching quizzes found
Score Distribution
Percent of People with Each Score
Percentile by Number Answered
Your Score History
You have not taken this quiz